000
00377nam a22001577a 4500
003
MPLRDC
005
20220104144340.0
008
210129b ||||| |||| 00| 0 eng d
082
_a
910.3 LYM v.2
100
_a
梁友梅校订
245
_a
管弦乐法教程, 下卷
_c
250
_a
初版
260
_a
_b
天同出版社
_c
1968
650
_a
942
_c
BK
_o
910.3 LYM v.2
999
_c
48753
_d
48743